Ponga la calidad a prueba: compruebe si realmente da buenos resultados todo lo que se dice acerca de la calidad

Saved in:
Bibliographic Details
Main Authors: Howe, Roger J (Author), Gaeddert, Dee (Author), Howe, Maynard A (Author)
Format: Book
Language:Spanish
Published: Ciudad de México McGraw-Hill 1995
Subjects:
Tags: Add Tag
No Tags, Be the first to tag this record!

MARC

LEADER 00000nam a2200000 a 4500
001 UCZ1587
003 CL-VaPUC
008 950824e19950000MX |||||||||||||||||spa|d
082 0 4 |a 658.562  |b HOW  |2 21 
100 0 |a Howe, Roger J  |e author  |9 345195 
700 0 |a Gaeddert, Dee  |e author  |9 345196 
700 0 |a Howe, Maynard A  |e author  |9 345197 
245 1 0 |a Ponga la calidad a prueba: compruebe si realmente da buenos resultados todo lo que se dice acerca de la calidad 
300 |a 211 p 
942 |c BK 
945 |d 19950824 00:00:00  |a awong 
260 |a Ciudad de México  |b McGraw-Hill  |c 1995 
650 0 |a Calidad  |9 320582 
650 0 |a Gestión   |9 260993 
650 0 |a Administración de empresas   |9 260833 
650 0 |a Servicio al cliente   |9 320800 
583 |a last modification  |c 19950824 00:00:00  |k Rodrigo Vera 
999 |c 238321  |d 238319 
952 |0 0  |1 0  |4 0  |6 658_562000000000000_HOW_1995  |7 0  |8 A  |9 248442  |a BIBENE  |b BIBENE  |d 2019-11-18  |i 3126617  |o 658.562 HOW 1995  |p 3126617  |r 2025-01-15  |w 2019-11-18  |y BK  |k ICO